000 00659nam a2200253 i 4500
001 C2-0329988
003 PPAK
005 20180728130927.0
008 150215s2005 at a|||| ||||| | eng d
040 _aPPAK
_beng
_cPPAK
_erda
082 0 4 _a658.8
_223
090 0 0 _a658.8
_bLAM
_dG
100 1 _aLamb, Charles W.,
_eauthor
245 1 0 _aEssentials of Marketing
250 _a4th
264 1 _aAustralia :
_bThomson ,
_c2005
300 _axxxvi, 572 pages :
_billustrations ;
_c27 cm
336 _2rdacontent
_atext
337 _2rdamedia
_aunmediated
338 _2rdacarrier
_avolume
650 1 0 _aMarketing
700 _eauthor
942 _ddc
_cB
999 _c129141
_d129141